000 00859nam a2200229Ia 4500
003 IN-BaIIA
008 211028s9999 xx 000 0 eng d
020 _a92-9092-780-1
040 _cIIA Library
080 _a524.3-52
_bSTA
110 _aEuropean Space Laboratory
_924840
111 _aESLAB Symposium
_n33 rd
_cNoordwijk, Netherlands
_d1999 Nov. 2-5
_924841
245 0 _aStar formation from the small to the large scale
_bproceedings of 33rd ESLAB symposium held in Noordwijk, Netherlands, November 2-5, 1999
_cedited by F. Favata, A. Kass and A. Wilson
260 _aNetherlands
_bEuropean Space Agency
_c2000
300 _axiv, 583p.
490 _aESA SP-445
650 _aStar formation- local, high redshift
_924842
700 _aFabio Favata, ed.
_924843
700 _aKaas, A., ed.
_924844
700 _aWilson, Andrew, ed.
_924845
942 _cBK
999 _c14119
_d14119